| 000 | 00939nam a2200217 a 4500 | ||
|---|---|---|---|
| 001 | 000752774 | ||
| 003 | AM-YEHGA | ||
| 005 | 20250617163815.0 | ||
| 008 | 100724s1961 |||| |||||||||||||rus d | ||
| 040 | _aAM-YeHGA | ||
| 041 | 1 |
_arus _heng |
|
| 100 | 1 | _aО'Кейси, Шон | |
| 245 | 1 | 0 |
_aПьесы : _bПер. с англ. / _cШон О'Кейси ; Пер.с англ. Ю. Корнеева ; Сост. Н. Минц ; Вступ. ст. Н. Минц и Э. Глухаревой - Глумовой ; Примеч. Э. Глухаревой - Глумовой. |
| 260 |
_aМосква : _bИскусство, _c1961. |
||
| 300 | _a606 с. | ||
| 650 | 1 | 4 | _aИностранная литература |
| 700 | 1 |
_aКорнеев, Ю. _eпер. _4trl |
|
| 700 | 1 |
_aМинц, Н. _eсост. _4com _eвступ. ст. _4aui |
|
| 700 | 1 |
_aГлухарева-Глумова, Э. _eвступ. ст. _4aui _aпримеч. _4cmm |
|
| 090 | _c516513 | ||
| 999 |
_c512998 _d512998 |
||